000
00247nam a2200109Ia 4500
005
20251222154309.0
008
251222s9999||||xx |||||||||||||| ||spa||
082
_a
868.6/M64
100
_a
"Miró, Gabriel"
245
0
_a
Años y leguas
942
_c
LIB
999
_c
33318
_d
33318